000
00255 a2200121 4500
001
64344
082
_a
530 SHE
090
_c
37979
_d
37979
100
_a
Shepherd Michael
245
_a
Physics GCSE
260
_a
London
_b
Charles
_c
1987
300
_a
201 p.
942
_a
NUST-CAE
_k
530 SHE
999
_c
299417
_d
299417